000 00609nam a22001937a 4500
005 20251108164701.0
008 250721s1991 xx 000 0 ara d
082 1 4 _a811.909563/حام
100 1 _aأبو أحمد، حامد
245 1 0 _aعبد الوهاب البياتي في إسبانيا /
264 1 _aبيروت :
_bالمؤسسة العربية للدراسات و النشر،
_c1991.
300 _a224ص
650 1 7 _aالشعر العربي
650 1 7 _aالتاريخ الأدبي
650 1 7 _aالنقد الأدبي
650 1 7 _aالعراق
942 _2ddc
_cBK
999 _c11776
_d11776